| 000 | 00467nam a22001697a 4500 | ||
|---|---|---|---|
| 003 | OSt | ||
| 005 | 20140310182320.0 | ||
| 008 | 130312t xxu||||| |||| 00| 0 eng d | ||
| 020 | _a9832584108 | ||
| 050 |
_aPZ 7 _b.W721 2006 |
||
| 082 |
_aGS 398.21 _bF27s 2006 |
||
| 245 |
_aThe sly fox and the little red hen _cedited by Bob Williams |
||
| 260 |
_aMalaysia _bKohwai & Young _c2006 |
||
| 300 |
_a16 p. _bcol. ill. _c26 cm. |
||
| 942 |
_2lcc _cBK-GS |
||
| 999 |
_c11796 _d11796 |
||